حلم كبير / (رقم التسجيلة. 146726)

تفاصيل مارك
000 -LEADER
fixed length control field 00538nam a22001817a 4500
005 - DATE AND TIME OF LATEST TRANSACTION
control field 20251108175953.0
008 - FIXED-LENGTH DATA ELEMENTS--GENERAL INFORMATION
fixed length control field 250721s2021 xx 000 0 ara d
082 14 - DEWEY DECIMAL CLASSIFICATION NUMBER
Classification number ط/ق/ناص
100 1# - MAIN ENTRY--PERSONAL NAME
Personal name ناصر، امل
245 10 - TITLE STATEMENT
Title حلم كبير /
264 1# - PRODUCTION, PUBLICATION, DISTRIBUTION, MANUFACTURE, AND COPYRIGHT NOTICE
Place of production, publication, distribution, manufacture عمان :
Name of producer, publisher, distributor, manufacturer دار المايا للنشر والتوزيع،
Date of production, publication, distribution, manufacture, or copyright notice 2021.
300 ## - PHYSICAL DESCRIPTION
Extent 27ص.
650 17 - SUBJECT ADDED ENTRY--TOPICAL TERM
Topical term or geographic name as entry element ادب الاطفال
650 17 - SUBJECT ADDED ENTRY--TOPICAL TERM
Topical term or geographic name as entry element القصص القصيرة
653 ## - INDEX TERM--UNCONTROLLED
Uncontrolled term اطفال مرحلة متوسطة (6-9)سنوات
942 ## - ADDED ENTRY ELEMENTS (KOHA)
Source of classification or shelving scheme Dewey Decimal Classification
Koha item type كتب
المقتنيات
حالة السحب حالة الفقدان مصدر التصنيف حالة التلف غير قابل للإعارة المكتبة الرئيسية المكتبة الحالية موقع الرف تاريخ التزويد الرقم المتسلسل Total Checkouts رقم الإستدعاء الباركود تاريخ آخر ظهور تاريخ الفاتورة نوع المادة (كوها)
    Dewey Decimal Classification     المكتبة المركزية المكتبة المركزية الأطفال 28/07/2025 1789127   ط/ق/ناص PLD00512124 28/07/2025 28/07/2025 كتب
    Dewey Decimal Classification     مكتبة البشائر للأطفال مكتبة البشائر للأطفال الأطفال 21/10/2024 1789132   ط/ق/ناص PLD00512778 28/07/2025 21/10/2024 كتب
    Dewey Decimal Classification     مكتبة البراعم الواعدة مكتبة البراعم الواعدة الأطفال 21/10/2024 1789135   ط/ق/ناص PLD00512781 28/07/2025 21/10/2024 كتب
    Dewey Decimal Classification     مكتبة الياسمين للأطفال مكتبة الياسمين للأطفال الأطفال 21/10/2024 1789130   ط/ق/ناص PLD00512776 28/07/2025 21/10/2024 كتب
    Dewey Decimal Classification     مكتبة بدر الجديدة للأطفال مكتبة بدر الجديدة للأطفال الأطفال 21/10/2024 1789129   ط/ق/ناص PLD00512775 28/07/2025 21/10/2024 كتب
    Dewey Decimal Classification     مكتبة بدر للأطفال مكتبة بدر للأطفال الأطفال 21/10/2024 1789128   ط/ق/ناص PLD00512774 28/07/2025 21/10/2024 كتب
    Dewey Decimal Classification     مكتبة بيت السينما مكتبة بيت السينما الأطفال 21/10/2024 1789136   ط/ق/ناص PLD00512782 28/07/2025 21/10/2024 كتب
    Dewey Decimal Classification     مكتبة عدن للأطفال مكتبة عدن للأطفال الأطفال 21/10/2024 1789134   ط/ق/ناص PLD00512780 28/07/2025 21/10/2024 كتب
    Dewey Decimal Classification     مكتبة مرج الحمام مكتبة مرج الحمام الأطفال 21/10/2024 1789131   ط/ق/ناص PLD00512777 28/07/2025 21/10/2024 كتب
    Dewey Decimal Classification     مكتبةمؤتة مكتبةمؤتة الأطفال 21/10/2024 1789133   ط/ق/ناص PLD00512779 28/07/2025 21/10/2024 كتب
Implemented & Customized by: BBB with SCIT (Smart Chains for Information Technology)

Powered by Koha